[Event "ICS rated blitz match"]
[Site "204.178.125.65"]
[Date "2000.12.04"]
[Round "?"]
[White "diep"]
[Black "Hossa"]
[Result "1-0"]
[WhiteElo "2629"]
[BlackElo "2480"]
[PlyCount "145"]
[EventDate "2000.??.??"]

1. g3 Nf6 2. Bg2 d5 3. d3 e5 4. Nf3 Nc6 5. O-O Be7 6. c4 d4 7. b4 Bxb4 8. Nxe5
Nxe5 9. Qa4+ Nc6 10. Bxc6+ bxc6 11. Qxb4 Bh3 12. Re1 a5 13. Qb7 O-O 14. Qxc6
Re8 15. Bf4 Rc8 16. Na3 Nh5 17. Bd2 Re5 18. f4 Rf5 19. Nb5 a4 20. Rab1 Nf6 21.
Na7 Rb8 22. Qxa4 Ra8 23. Nc6 Rxa4 24. Nxd8 Nd7 25. Nc6 Rf6 26. Ne7+ Kh8 27. Nd5
Rg6 28. Nxc7 Rxa2 29. Ra1 Rb2 30. Ra8+ Rb8 31. Rea1 h5 32. Nb5 Rxa8 33. Rxa8+
Kh7 34. Nxd4 Rb6 35. Nb5 Bg4 36. Ra7 h4 37. e4 hxg3 38. hxg3 Rb8 39. Ba5 Nc5
40. Rxf7 Nxd3 41. Bc3 Rg8 42. Rc7 Kh6 43. c5 Bf3 44. c6 Bxe4 45. Nd6 Bd5 46.
Nf5+ Kh7 47. Ne7 Be4 48. Nxg8 Kxg8 49. Rxg7+ Kf8 50. c7 Bf5 51. Rh7 Bg4 52. Kg2
Ke8 53. Rh8+ Kf7 54. Ra8 Nc1 55. Kf2 Bf5 56. g4 Bxg4 57. f5 Bxf5 58. c8=Q Bxc8
59. Rxc8 Ke6 60. Ke3 Nb3 61. Bb4 Ke5 62. Rc3 Na1 63. Ba3 Kf5 64. Bb2 Ke6 65.
Bxa1 Kd7 66. Bb2 Ke7 67. Ke4 Kf6 68. Rc6+ Ke7 69. Bf6+ Kf7 70. Kf5 Kf8 71. Rc7
Kg8 72. Ke6 Kf8 73. Rc8# {Hossa checkmated} 1-0

[Event "ICS Rated standard match"]
[Site "204.178.125.65"]
[Date "2000.12.04"]
[Round "?"]
[White "Yace"]
[Black "Hossa"]
[Result "1-0"]
[WhiteElo "2551"]
[BlackElo "2294"]
[PlyCount "90"]
[EventDate "2000.??.??"]

1. d4 d5 2. c4 dxc4 3. Nf3 Nf6 4. e3 e6 5. Bxc4 c5 6. Qe2 a6 7. dxc5 Bxc5 8.
O-O Nc6 9. e4 O-O 10. e5 Nd7 11. Bf4 Nb6 12. Rd1 Qc7 13. Bb3 f6 14. Rc1 fxe5
15. Rxc5 Rxf4 16. Nc3 Qd6 17. Qe3 Nd7 18. Rxe5 Ndxe5 19. Qxf4 Qb4 20. Ne4 Nxf3+
21. Qxf3 Nd4 22. Qg4 Qe7 23. Bc4 b5 24. Ng3 Qf6 25. Rd1 Nf3+ 26. Qxf3 Qxf3 27.
gxf3 bxc4 28. Rd8+ Kf7 29. Ne4 Ke7 30. Rg8 Rb8 31. Rxg7+ Kd8 32. Nd6 Rxb2 33.
Nxc4 Rb1+ 34. Kg2 Bb7 35. Rxh7 Bd5 36. Ne5 Ra1 37. h4 Rxa2 38. h5 Re2 39. Ng6
Ra2 40. h6 Ra5 41. Rh8+ Kc7 42. Nf4 e5 43. Rf8 Bxf3+ 44. Kxf3 exf4 45. h7 Rh5 {
Hossa resigns} 1-0

[Event "ICS rated blitz match"]
[Site "204.178.125.65"]
[Date "2000.12.04"]
[Round "?"]
[White "Hossa"]
[Black "AvernoX"]
[Result "1-0"]
[WhiteElo "2470"]
[BlackElo "2250"]
[PlyCount "199"]
[EventDate "2000.??.??"]

1. d4 d6 2. e4 Nf6 3. Nc3 c6 4. Be2 e6 5. Nf3 Be7 6. O-O d5 7. Bd3 dxe4 8. Nxe4
Nxe4 9. Bxe4 O-O 10. c3 Nd7 11. Bd3 Qa5 12. Qc2 Qh5 13. Re1 Rd8 14. Bf4 b5 15.
h3 Bb7 16. Qe2 Nf6 17. Qd2 Qd5 18. Bc7 Rdc8 19. Be5 h6 20. Qe2 Rd8 21. Bc7 Rd7
22. Bf4 a5 23. a4 b4 24. c4 Qh5 25. Qc2 g5 26. Bg3 Kh8 27. c5 Rg8 28. Re2 Nd5
29. Ne5 Rdd8 30. Nc4 Nf4 31. Nxa5 Ba8 32. Re3 Rxd4 33. Be4 Rc8 34. Rae1 Kg8 35.
Rb1 Kh8 36. Nb3 Rd7 37. Rbe1 Nd5 38. Bxd5 cxd5 39. a5 Rc6 40. Qd2 Rb7 41. Qd3
Kg7 42. Be5+ Kg8 43. g4 Qg6 44. Qxg6+ fxg6 45. R3e2 Ra7 46. Bd4 Raa6 47. Ra1
Ra7 48. Ra4 Rb7 49. Kh2 Ra6 50. Be5 Rb5 51. Bd6 Bxd6+ 52. cxd6 Rxd6 53. Nd4 Rb8
54. Nxe6 d4 55. Nc5 Bc6 56. Ra2 d3 57. Rd2 Rd5 58. Nb3 Bb5 59. Ra1 Ra8 60. Kg2
Bc4 61. Nc1 Rdxa5 62. Rxa5 Rxa5 63. Kf3 b3 64. Nxd3 Rd5 65. Ke3 h5 66. Nc1 Kf7
67. Rxd5 Bxd5 68. f3 h4 69. Nd3 Kf6 70. Nc5 Kg7 71. Ne4 Kh6 72. Kd4 Be6 73. Ke5
Bc4 74. Kf6 Bd5 75. Nxg5 Bc4 76. Nf7+ Kh7 77. Ne5 Bf1 78. Nxg6 Bxh3 79. Nxh4
Kg8 80. Nf5 Bf1 81. g5 Kh8 82. g6 Ba6 83. Nh6 Bc4 84. g7+ Kh7 85. g8=Q+ Bxg8
86. Nf7 Bxf7 87. Kxf7 Kh6 88. f4 Kh5 89. Ke6 Kg4 90. f5 Kf3 91. Kd5 Ke3 92. f6
Kd3 93. f7 Kc2 94. f8=Q Kd3 95. Qf3+ Kd2 96. Kc4 Ke1 97. Kxb3 Kd2 98. Qe4 Kd1
99. Kc3 Kc1 100. Qe1# {AvernoX checkmated} 1-0

[Event "ICS rated blitz match"]
[Site "204.178.125.65"]
[Date "2000.12.04"]
[Round "?"]
[White "AvernoX"]
[Black "Hossa"]
[Result "0-1"]
[WhiteElo "2243"]
[BlackElo "2477"]
[PlyCount "226"]
[EventDate "2000.??.??"]

1. Nf3 Nf6 2. d4 e6 3. e3 d5 4. c4 Ne4 5. Bd3 Bb4+ 6. Nbd2 O-O 7. O-O f5 8.
cxd5 exd5 9. Qb3 Bxd2 10. Bxd2 a5 11. Rac1 Re8 12. Bb5 c6 13. Bd3 b6 14. Be1 a4
15. Qc2 a3 16. Ne5 axb2 17. Qxb2 Ba6 18. Bxa6 Rxa6 19. Nxc6 Nxc6 20. Rxc6 Qa8
21. Qb5 Nf6 22. Rxb6 Rxb6 23. Qxb6 Qxa2 24. Bc3 Ne4 25. Bb2 Qc4 26. Qb7 Rd8 27.
Qe7 Rf8 28. Ba3 Ra8 29. Rc1 Nc3 30. Kh1 Qb3 31. Bb4 Qb2 32. Re1 Ne4 33. f3 Nf2+
34. Kg1 Nd3 35. Qb7 Rf8 36. Qxd5+ Kh8 37. Qd6 Qxb4 38. Qxb4 Nxb4 39. e4 Nc2 40.
Rd1 fxe4 41. fxe4 Ne3 42. Rc1 g5 43. d5 Kg7 44. d6 Ng4 45. Rc5 Kg6 46. h3 Nf6
47. Re5 Rf7 48. Re6 Kg7 49. e5 Ne4 50. Re8 Rb7 51. Rc8 Kg6 52. g4 h6 53. Rc1
Nd2 54. Kg2 Nb3 55. Rc7 Na5 56. d7 Rb2+ 57. Kf3 Rd2 58. Ke3 Rd1 59. Ke2 Rd4 60.
Ra7 Nc6 61. Ra6 Rxd7 62. Rxc6+ Kg7 63. Ke3 Rd1 64. Rc3 Kf7 65. Ke4 Rh1 66. Rf3+
Kg7 67. e6 Rh2 68. Kd3 Rb2 69. Rf7+ Kg6 70. Rf8 Rb7 71. Kd4 Ra7 72. Ke5 Ra5+
73. Ke4 Ra6 74. Kd5 Ra5+ 75. Kc4 Re5 76. Rg8+ Kf6 77. Rh8 Kg7 78. Ra8 Rxe6 79.
Ra7+ Kf6 80. Kd3 Rb6 81. Kc2 Ke5 82. Re7+ Kd5 83. Rf7 Ra6 84. Rh7 Ke4 85. Kb3
Rc6 86. Kb4 Kf3 87. Kb5 Rf6 88. Ra7 Kg3 89. Ra3+ Rf3 90. Ra6 Kxh3 91. Rxh6+
Kxg4 92. Rh7 Rf4 93. Ra7 Kh4 94. Rh7+ Kg3 95. Rb7 g4 96. Kc5 Kg2 97. Rc7 g3 98.
Rg7 Kf2 99. Rb7 g2 100. Rb1 Kg3 101. Rg1 Rf1 102. Rxg2+ Kxg2 103. Kd4 Kf3 104.
Kd3 Kf4 105. Ke2 Rf3 106. Kd2 Re3 107. Kc2 Kf3 108. Kd2 Kf2 109. Kc2 Ke2 110.
Kb2 Kd2 111. Kb1 Kc3 112. Ka1 Kb3 113. Kb1 Re1# {AvernoX checkmated} 0-1

[Event "ICS Rated blitz match"]
[Site "204.178.125.65"]
[Date "2000.12.04"]
[Round "?"]
[White "Hossa"]
[Black "Yace"]
[Result "0-1"]
[WhiteElo "2484"]
[BlackElo "2728"]
[PlyCount "132"]
[EventDate "2000.??.??"]

1. d4 d5 2. c4 dxc4 3. Nf3 Nf6 4. e3 g6 5. Bxc4 Bg7 6. Nc3 O-O 7. e4 Nfd7 8.
Bf4 Nb6 9. Bb3 Bg4 10. d5 N8d7 11. h3 Bxf3 12. Qxf3 Nc5 13. Bc2 e6 14. Rd1 e5
15. Be3 Qe7 16. Qe2 Rfd8 17. O-O a6 18. Rc1 Ncd7 19. Na4 Rac8 20. Nxb6 Nxb6 21.
Bd3 Qd6 22. Qd2 Bf6 23. Bc5 Qd7 24. Bxb6 cxb6 25. Qe3 b5 26. Rfd1 Be7 27. Qh6
Bc5 28. Rc3 Bd4 29. Rxc8 Rxc8 30. Rb1 b4 31. b3 Qc7 32. Rf1 b5 33. g3 Qe7 34.
Kg2 Rc3 35. Rd1 Qf6 36. f3 a5 37. h4 a4 38. bxa4 bxa4 39. h5 b3 40. axb3 a3 41.
hxg6 Qxg6 42. Qxg6+ hxg6 43. d6 Kf8 44. Kh3 a2 45. Ra1 Rc2 46. d7 Ke7 47. Rh1
Rf2 48. Bb5 a1=Q 49. Rxa1 Bxa1 50. Bc6 Rxf3 51. b4 Ra3 52. Kh2 f5 53. b5 Bd4
54. exf5 gxf5 55. Kg2 Ra2+ 56. Kh3 e4 57. Bd5 e3 58. Bxa2 e2 59. Be6 e1=Q 60.
Bxf5 Be5 61. d8=Q+ Kxd8 62. Kg4 Qxg3+ 63. Kh5 Ke7 64. Bg4 Kf6 65. b6 Qh2+ 66.
Bh3 Qxh3# {Hossa checkmated} 0-1

[Event "ICS rated blitz match"]
[Site "204.178.125.65"]
[Date "2000.12.04"]
[Round "?"]
[White "diep"]
[Black "Hossa"]
[Result "1-0"]
[WhiteElo "2639"]
[BlackElo "2478"]
[PlyCount "113"]
[EventDate "2000.??.??"]

1. d4 Nf6 2. c4 e6 3. Nc3 Bb4 4. Qc2 O-O 5. a3 Bxc3+ 6. Qxc3 b6 7. Bg5 Bb7 8.
f3 h6 9. Bh4 d5 10. e3 Nbd7 11. Nh3 c5 12. cxd5 Nxd5 13. Bxd8 Nxc3 14. Be7 Rfe8
15. Bh4 Nd5 16. Bb5 g5 17. dxc5 Nxc5 18. Bxe8 Rxe8 19. Bf2 Nd3+ 20. Kd2 Nxb2
21. e4 Nc4+ 22. Ke2 Nf6 23. Bd4 e5 24. Bc3 Ba6 25. Kf2 Bb7 26. Rhc1 g4 27. Ng1
Kh7 28. Ne2 b5 29. a4 a6 30. axb5 axb5 31. Ra7 Re7 32. Rd1 Rc7 33. Rd8 gxf3 34.
gxf3 Nd7 35. Bb4 h5 36. Nc3 Ncb6 37. Kg3 Kg7 38. Nxb5 Rc4 39. Ba5 Bc6 40. Nd6
Rc2 41. Bxb6 Kf6 42. Raxd7 Bxd7 43. Rxd7 h4+ 44. Kh3 Rc3 45. Kxh4 Ke6 46. Nb5
Rxf3 47. Rd6+ Ke7 48. Bc5 Rf4+ 49. Kg5 Kf8 50. Nc7 f6+ 51. Rxf6+ Kg8 52. Rxf4
exf4 53. Kg6 Kh8 54. Nd5 Kg8 55. Nf6+ Kh8 56. Bf8 f3 57. Bg7# {Hossa checkmated
} 1-0

[Event "ICS rated blitz match"]
[Site "204.178.125.65"]
[Date "2000.12.04"]
[Round "?"]
[White "Hossa"]
[Black "diep"]
[Result "1/2-1/2"]
[WhiteElo "2469"]
[BlackElo "2648"]
[PlyCount "138"]
[EventDate "2000.??.??"]

1. d4 Nf6 2. c4 e6 3. Nc3 Bb4 4. Qc2 O-O 5. a3 Bxc3+ 6. Qxc3 b6 7. Bg5 Bb7 8.
f3 h6 9. Bh4 d5 10. e3 Nbd7 11. Nh3 c5 12. cxd5 Nxd5 13. Bxd8 Nxc3 14. Be7 Rfe8
15. Bh4 Nd5 16. Bb5 g5 17. dxc5 gxh4 18. Bxd7 Re7 19. c6 Ba6 20. Nf4 Nf6 21.
Rd1 Nxd7 22. cxd7 Rd8 23. Nh5 Kh7 24. Kf2 Kg6 25. Nf4+ Kf6 26. e4 Rexd7 27.
Rxd7 Rxd7 28. Ke3 Bc4 29. Rc1 Bb5 30. b3 Ke5 31. a4 Ba6 32. b4 Kf6 33. b5 Bb7
34. Nd3 e5 35. Rc2 Re7 36. Nb4 Rd7 37. Nc6 Bxc6 38. bxc6 Rc7 39. f4 Ke6 40. Rc4
exf4+ 41. Kxf4 Kd6 42. Kf5 Rxc6 43. e5+ Kd5 44. Rxh4 Rc2 45. Kf6 Rxg2 46. Kxf7
Kxe5 47. Rxh6 Ra2 48. Rh4 Kf5 49. h3 Ke5 50. Rg4 Ra3 51. h4 Rf3+ 52. Kg6 Rf6+
53. Kg7 Rd6 54. Rc4 Rd7+ 55. Kg6 Rd2 56. h5 Rg2+ 57. Kh7 a6 58. h6 b5 59. Rc5+
Kd6 60. Rf5 Ke6 61. Rf4 Kd5 62. Kh8 Kc5 63. h7 b4 64. Rf3 Kc4 65. Rf6 a5 66.
Rc6+ Kb3 67. Rb6 Ka3 68. Rb8 b3 69. Rxb3+ Kxb3 {Hossa stalemated} 1/2-1/2

[Event "ICS rated blitz match"]
[Site "204.178.125.65"]
[Date "2000.12.04"]
[Round "?"]
[White "diep"]
[Black "Hossa"]
[Result "0-1"]
[WhiteElo "2640"]
[BlackElo "2477"]
[PlyCount "134"]
[EventDate "2000.??.??"]

1. e4 Nf6 2. e5 Nd5 3. d4 d6 4. Nf3 g6 5. Bc4 c6 6. O-O Bg7 7. exd6 Qxd6 8. Re1
Bg4 9. h3 Bxf3 10. Qxf3 Bxd4 11. Rd1 Qf6 12. Bxd5 cxd5 13. Qxf6 Bxf6 14. Rxd5
Nc6 15. c3 O-O 16. Be3 Rad8 17. Rxd8 Rxd8 18. Nd2 e6 19. Kf1 Rd5 20. Rd1 Kg7
21. Ke1 Be7 22. Ne4 Rxd1+ 23. Kxd1 f5 24. Nc5 Bxc5 25. Bxc5 g5 26. Ke2 Kf6 27.
Ke3 h5 28. a4 b6 29. Ba3 Ne5 30. b3 Nc6 31. Kd3 Na5 32. b4 Nc6 33. c4 Ne5+ 34.
Kc3 g4 35. c5 gxh3 36. gxh3 bxc5 37. bxc5 Kg5 38. Kb4 a6 39. Bc1+ Kh4 40. Ka5
Kxh3 41. Bf4 Nc6+ 42. Kb6 Ne7 43. Bd6 Nd5+ 44. Kxa6 Kg4 45. c6 f4 46. Kb5 h4
47. f3+ Kxf3 48. Bc5 h3 49. Bd6 h2 50. c7 Nxc7+ 51. Bxc7 Kg4 52. a5 h1=Q 53.
Bb6 f3 54. Bf2 Qf1+ 55. Kc6 Qxf2 56. a6 Qa7 57. Kb5 Qxa6+ 58. Kxa6 f2 59. Kb5
f1=Q+ 60. Kc5 Kg5 61. Kb6 Kf6 62. Kc6 Qf5 63. Kb7 Ke7 64. Ka8 Kd8 65. Kb7 Qb5+
66. Ka8 Kc8 67. Ka7 Qa5# {diep checkmated} 0-1

[Event "ICS rated blitz match"]
[Site "204.178.125.65"]
[Date "2000.12.04"]
[Round "?"]
[White "Hossa"]
[Black "diep"]
[Result "0-1"]
[WhiteElo "2500"]
[BlackElo "2617"]
[PlyCount "162"]
[EventDate "2000.??.??"]

1. d4 Nf6 2. c4 e6 3. Nf3 b6 4. g3 Bb7 5. Bg2 Be7 6. O-O O-O 7. Nc3 Ne4 8. Nxe4
Bxe4 9. Ne1 Bxg2 10. Nxg2 d5 11. Qa4 Qd7 12. Qxd7 Nxd7 13. cxd5 exd5 14. Ne3 c6
15. Nf5 Rfe8 16. Bf4 g5 17. Bd2 Bf8 18. Rfe1 g4 19. Kf1 Re6 20. f3 h5 21. Bf4
Rae8 22. Bd2 Rf6 23. Nh4 Bg7 24. Kf2 c5 25. Bc3 c4 26. Bd2 Nf8 27. Bg5 Rfe6 28.
Nf5 a6 29. e3 Bf6 30. Bf4 gxf3 31. Kxf3 Ng6 32. Rg1 b5 33. g4 h4 34. g5 Bd8 35.
Bd6 f6 36. gxf6 Rxf6 37. Kg4 Re4+ 38. Bf4 Kf7 39. Rgf1 Bc7 40. Rf3 Nxf4 41.
exf4 Re2 42. Ne3 Bb6 43. Rh1 Bxd4 44. Nxd5 Rg6+ 45. Kf5 Rxb2 46. Rd1 Bg7 47.
Re3 Bf8 48. Rh3 Rxa2 49. Rxh4 Rf2 50. Rh8 Rd6 51. Rh7+ Bg7 52. Ke4 Re6+ 53. Kf5
Re5+ 54. Kg4 Ree2 55. Nc7 Kg6 56. Rh3 c3 57. Rd6+ Kf7 58. Rd7+ Kf8 59. Rd8+ Ke7
60. Rc8 Kd7 61. Rg8 Rg2+ 62. Rg3 Bd4 63. Nxa6 Rxg3+ 64. hxg3 c2 65. Rg5 c1=Q
66. Rxb5 Qc4 67. Rb7+ Kd6 68. Nc5 Qg8+ 69. Kh3 Qc8+ 70. Nd7 Qxd7+ 71. Rxd7+
Kxd7 72. f5 Be5 73. Kh4 Ke7 74. Kg5 Bxg3 75. Kg4 Re3 76. Kg5 Re4 77. f6+ Kf7
78. Kf5 Rd4 79. Kg5 Rf4 80. Kh6 Rf5 81. Kh7 Rh5# {Hossa checkmated} 0-1

[Event "ICS rated blitz match"]
[Site "204.178.125.65"]
[Date "2000.12.04"]
[Round "?"]
[White "Hossa"]
[Black "AvernoX"]
[Result "1/2-1/2"]
[WhiteElo "2489"]
[BlackElo "2321"]
[PlyCount "213"]
[EventDate "2000.??.??"]

1. d4 c6 2. c4 Nf6 3. Nc3 d5 4. cxd5 cxd5 5. Bf4 Qb6 6. Qc2 Nc6 7. e3 Bf5 8.
Qd2 e6 9. Nh3 Ne4 10. Nxe4 dxe4 11. a3 Be7 12. Be2 Bxh3 13. gxh3 Rd8 14. Qc3
Qa5 15. Qxa5 Nxa5 16. Rg1 Nb3 17. Rb1 O-O 18. Bd1 Na5 19. Bh6 Bf6 20. Bc2 e5
21. dxe5 Bxe5 22. Bxe4 Rd6 23. Bg5 Re8 24. Rg4 h5 25. Rh4 Bxh2 26. Rd1 Rxd1+
27. Kxd1 f6 28. Bd5+ Kf8 29. Ra4 Nc6 30. Bxc6 bxc6 31. Bf4 Bxf4 32. Rxf4 Ke7
33. Kc2 g6 34. Re4+ Kd7 35. Rxe8 Kxe8 36. Kc3 h4 37. Kd4 Kd7 38. e4 g5 39. Ke3
a5 40. b3 Kd6 41. f4 gxf4+ 42. Kxf4 Kc5 43. Kf5 Kd4 44. b4 axb4 45. axb4 Kd3
46. Kxf6 Kxe4 47. Kg5 Kd4 48. Kxh4 Kc4 49. Kg4 Kxb4 50. h4 c5 51. h5 c4 52. Kf3
c3 53. Ke2 Kb3 54. h6 c2 55. h7 c1=Q 56. h8=Q Qf4 57. Qh7 Kb4 58. Qh5 Kc4 59.
Qh3 Qe4+ 60. Kf2 Qc2+ 61. Kg1 Qd2 62. Qh1 Qe1+ 63. Kh2 Qe5+ 64. Kh3 Qh5+ 65.
Kg2 Qd5+ 66. Kh2 Qd6+ 67. Kh3 Qh6+ 68. Kg2 Qc6+ 69. Kh2 Qc7+ 70. Kh3 Qh7+ 71.
Kg2 Qe4+ 72. Kh2 Qh4+ 73. Kg2 Qg4+ 74. Kh2 Qf4+ 75. Kh3 Qf5+ 76. Kg3 Qg6+ 77.
Kh3 Kd4 78. Qf1 Qh7+ 79. Kg4 Qg8+ 80. Kh4 Qh8+ 81. Kg5 Qg7+ 82. Kh5 Qe5+ 83.
Kh6 Qe3+ 84. Kh7 Qe4+ 85. Kh8 Qe7 86. Qg1+ Kd5 87. Qh1+ Kc4 88. Qg1 Qf6+ 89.
Kg8 Qf4 90. Qh1 Kc5 91. Qg1+ Kd5 92. Qe1 Qf6 93. Qg1 Qe6+ 94. Kh8 Qe5+ 95. Kg8
Qe8+ 96. Kh7 Qh5+ 97. Kg8 Qf3 98. Qe1 Qb3 99. Qf1 Qb8+ 100. Kh7 Qh2+ 101. Kg8
Qc2 102. Qg1 Qe4 103. Qf1 Qg6+ 104. Kh8 Qe8+ 105. Kg7 Qe4 106. Qg1 Qe2 107.
Qh1+ {Game drawn by the 50 move rule} 1/2-1/2

[Event "ICS rated blitz match"]
[Site "204.178.125.65"]
[Date "2000.12.04"]
[Round "?"]
[White "AvernoX"]
[Black "Hossa"]
[Result "0-1"]
[WhiteElo "2328"]
[BlackElo "2482"]
[PlyCount "160"]
[EventDate "2000.??.??"]

1. c4 Nf6 2. Nf3 e6 3. d4 d5 4. b3 Ne4 5. a3 c5 6. cxd5 exd5 7. e3 cxd4 8. Nxd4
Bd6 9. Bb5+ Bd7 10. Bxd7+ Qxd7 11. Nd2 O-O 12. Nxe4 dxe4 13. O-O Na6 14. Bb2
Nc5 15. Bc3 Nd3 16. Qh5 Rfc8 17. Ne2 Rc5 18. Qh4 Re8 19. b4 Rd5 20. Bd4 Be5 21.
f3 Rd6 22. Bxe5 Rxe5 23. fxe4 Rh6 24. Qg3 Rg6 25. Qf3 Rf6 26. Qg3 Rg6 27. Qf3
Rf6 28. Nf4 Nxf4 29. exf4 Qd4+ 30. Kh1 Qxe4 31. Rad1 h6 32. h3 Qxf3 33. Rxf3
Re7 34. f5 g6 35. g4 gxf5 36. gxf5 a6 37. Rd5 Re2 38. a4 Ra2 39. a5 Rb2 40. Rf4
Rc6 41. Rd1 Kg7 42. h4 Kf6 43. Kg1 Rcc2 44. Re1 Rg2+ 45. Kf1 Rgd2 46. Kg1 Rd5
47. Ref1 Rb5 48. Rd1 R2xb4 49. Rxb4 Rxb4 50. Rd6+ Kg7 51. h5 Rf4 52. f6+ Rxf6
53. Rd5 Rf4 54. Kg2 Rg4+ 55. Kf3 Rg5 56. Ke4 Rxd5 57. Kxd5 Kf6 58. Kd4 Kg5 59.
Kc5 Kxh5 60. Kd4 f5 61. Ke5 Kg4 62. Kd6 f4 63. Kc7 f3 64. Kxb7 f2 65. Kxa6 h5
66. Kb6 h4 67. a6 f1=Q 68. a7 Qg1+ 69. Kb7 h3 70. a8=Q Qh1+ 71. Ka7 Qxa8+ 72.
Kxa8 h2 73. Ka7 h1=Q 74. Kb6 Qd5 75. Kc7 Kf5 76. Kb6 Ke6 77. Ka6 Kd7 78. Kb6
Kc8 79. Ka6 Kc7 80. Ka7 Qa5# {AvernoX checkmated} 0-1

[Event "ICS rated blitz match"]
[Site "204.178.125.65"]
[Date "2000.12.04"]
[Round "?"]
[White "Hossa"]
[Black "AvernoX"]
[Result "1-0"]
[WhiteElo "2491"]
[BlackElo "2319"]
[PlyCount "157"]
[EventDate "2000.??.??"]

1. d4 c6 2. c4 e6 3. Nc3 d5 4. e3 Nf6 5. Nf3 g6 6. Bd2 Be7 7. Bd3 dxc4 8. Bxc4
b5 9. Bd3 b4 10. Ne4 Nxe4 11. Bxe4 Ba6 12. Ne5 Bb5 13. Qb3 a5 14. a4 bxa3 15.
bxa3 a4 16. Qc2 Kf8 17. Bf3 Qc7 18. Qe4 Qd8 19. Qf4 Bf6 20. Rb1 g5 21. Qg3 Na6
22. Nxc6 Bxc6 23. Bxc6 Ra7 24. Bxa4 Be7 25. Qe5 Kg8 26. Ba5 Nc7 27. Bb6 f6 28.
Bxa7 fxe5 29. Rb8 Kf7 30. Rxd8 Rxd8 31. Bb6 Ra8 32. Bxc7 Rxa4 33. Bxe5 Rxa3 34.
Ke2 h5 35. Kf3 g4+ 36. Kg3 Kg6 37. h3 gxh3 38. Rxh3 Ra2 39. Kf3 Bg5 40. Rg3 Kh6
41. Bd6 Ra5 42. Ke4 h4 43. Rh3 Bf6 44. g3 Ra6 45. Be5 Be7 46. gxh4 Kh5 47. Rh1
Ra8 48. Bg3 Bf6 49. f3 Rg8 50. Be1 Rb8 51. d5 exd5+ 52. Kxd5 Rb1 53. Kc4 Be7
54. Rg1 Rd1 55. Bf2 Rxg1 56. Bxg1 Kxh4 57. Bh2 Kh3 58. Be5 Bf8 59. e4 Be7 60.
f4 Kg2 61. Kd5 Bf8 62. f5 Kf3 63. f6 Bh6 64. Bd6 Kg4 65. f7 Kg5 66. f8=Q Bxf8
67. Bxf8 Kg6 68. Ke6 Kg5 69. e5 Kg6 70. Kd7 Kf5 71. e6 Ke4 72. e7 Kd4 73. Bh6
Kc4 74. Kc6 Kc3 75. e8=Q Kb3 76. Qe2 Ka3 77. Qc2 Kb4 78. Kb6 Ka3 79. Bf8# {
AvernoX checkmated} 1-0

[Event "ICS Rated blitz match"]
[Site "204.178.125.65"]
[Date "2000.12.04"]
[Round "?"]
[White "Hossa"]
[Black "ChesterX"]
[Result "1/2-1/2"]
[WhiteElo "2500"]
[BlackElo "2538"]
[PlyCount "286"]
[EventDate "2000.??.??"]

1. d4 Nf6 2. c4 e6 3. Nf3 b6 4. g3 Bb7 5. Bg2 Be7 6. O-O O-O 7. Nc3 d5 8. Ne5
Qc8 9. cxd5 Nxd5 10. Nxd5 exd5 11. Bf4 Qe6 12. Qc2 Na6 13. Rfd1 c5 14. Qa4 Rad8
15. Bf3 Bd6 16. Nd3 Rd7 17. Bxd6 Qxd6 18. dxc5 Nxc5 19. Nxc5 bxc5 20. Rac1 Rc7
21. Qa5 d4 22. b4 Bxf3 23. exf3 Rfc8 24. Rxc5 Rxc5 25. bxc5 Rxc5 26. Qxa7 g6
27. Kf1 Rc4 28. f4 d3 29. Qa8+ Kg7 30. Qe8 f6 31. Qb5 Qd4 32. Qb7+ Kh6 33. Qf3
Rc3 34. Rd2 f5 35. Kg2 Ra3 36. h3 Qe4 37. g4 Kg7 38. Kg3 Kf6 39. Qe3 Qxe3+ 40.
fxe3 Ke6 41. Rb2 Rc3 42. gxf5+ gxf5 43. Kf3 Kd5 44. Rb7 Ke6 45. Rb6+ Kd5 46.
Rb4 Kc5 47. Rb7 Rc2 48. Rxh7 Rh2 49. e4 d2 50. Rd7 Rxh3+ 51. Kg2 fxe4 52. Rxd2
Rf3 53. Rf2 Rd3 54. f5 e3 55. Rc2+ Kd4 56. Kf3 Rd1 57. Rb2 Rf1+ 58. Kg4 Rf2 59.
Rb7 e2 60. Re7 Kd3 61. Kg5 Rh2 62. f6 Rh7 63. Re8 Kd2 64. Kg6 Rh2 65. f7 Rg2+
66. Kh7 Rh2+ 67. Kg8 Rg2+ 68. Kf8 e1=Q 69. Rxe1 Kxe1 70. a4 Kd2 71. a5 Kc3 72.
a6 Ra2 73. Ke7 Re2+ 74. Kd6 Rd2+ 75. Ke5 Re2+ 76. Kf6 Rf2+ 77. Ke6 Re2+ 78. Kd5
Rd2+ 79. Kc6 Rd8 80. a7 Rf8 81. Kb6 Kd3 82. Ka6 Ke4 83. Kb6 Ke5 84. Ka6 Kf6 85.
Kb6 Kg7 86. Ka6 Kh6 87. Kb5 Kh5 88. Kc6 Kg4 89. Kb6 Kf4 90. Kb5 Kf5 91. Ka6 Ke6
92. Kb7 Rd8 93. f8=R Rxf8 94. Kb6 Rd8 95. Kb7 Re8 96. Kc7 Kd5 97. Kb7 Rd8 98.
Kc7 Rh8 99. Kb7 Rh7+ 100. Kb6 Rh6+ 101. Kb7 Rh7+ 102. Kb6 Rh8 103. Kb7 Rg8 104.
Kb6 Ke4 105. Kb7 Rg7+ 106. Kb6 Rg8 107. Kb7 Rf8 108. Kc7 Ke5 109. Kb7 Rf7+ 110.
Kb6 Rf6+ 111. Kb7 Rf7+ 112. Kb6 Rf8 113. Kb7 Re8 114. Kc7 Ke4 115. Kb7 Re7+
116. Kb6 Re8 117. Kb7 Rd8 118. Kc7 Rf8 119. Kb7 Rf7+ 120. Kb6 Rf6+ 121. Kb7
Rf7+ 122. Kb6 Rf8 123. Kb7 Re8 124. Kc7 Ke5 125. Kb7 Rd8 126. Kc7 Ra8 127. Kb7
Rd8 128. Kc7 Rg8 129. Kb7 Rg7+ 130. Kb6 Rg8 131. Kb7 Rf8 132. Kc7 Kd4 133. Kb7
Re8 134. Kb6 Kd3 135. Kb7 Kc3 136. Kc7 Kb4 137. Kb7 Re7+ 138. Kb6 Re6+ 139. Kb7
Re7+ 140. Kb6 Re8 141. Kb7 Rd8 142. Kc7 Ra8 143. Kb7 Rd8 {
Game drawn by the 50 move rule} 1/2-1/2

[Event "ICS rated blitz match"]
[Site "204.178.125.65"]
[Date "2000.12.04"]
[Round "?"]
[White "Andersen"]
[Black "Hossa"]
[Result "0-1"]
[WhiteElo "2060"]
[BlackElo "2502"]
[PlyCount "68"]
[EventDate "2000.??.??"]

1. e4 Nf6 2. e5 Nd5 3. d4 d6 4. exd6 exd6 5. c4 Nf6 6. Nc3 d5 7. cxd5 Nxd5 8.
Nf3 Bb4 9. Bd2 O-O 10. Be2 Nc6 11. O-O Re8 12. a3 Be7 13. Bd3 Nb6 14. Be3 Bg4
15. Be4 Bf6 16. h3 Bxf3 17. Qxf3 Nxd4 18. Bxd4 Qxd4 19. Rad1 Qc4 20. Qf5 Rxe4
21. Nxe4 Bxb2 22. Rfe1 Bxa3 23. Nf6+ gxf6 24. Re4 Qb3 25. Rg4+ Kf8 26. Re1 Qc3
27. Re3 Qa1+ 28. Kh2 Re8 29. Reg3 Bd6 30. f4 Qd4 31. Qxh7 Bxf4 32. Rxf4 Qxf4
33. Qh5 Re5 34. Qh8+ Ke7 {Andersen resigns} 0-1

[Event "ICS rated bullet match"]
[Site "204.178.125.65"]
[Date "2000.12.04"]
[Round "?"]
[White "Hossa"]
[Black "JSBach"]
[Result "1-0"]
[WhiteElo "2571"]
[BlackElo "2042"]
[PlyCount "53"]
[EventDate "2000.??.??"]

1. c4 e5 2. g3 Nc6 3. Bg2 Qf6 4. Nc3 Qe6 5. Nb5 Bd6 6. c5 a6 7. cxd6 axb5 8.
dxc7 Rxa2 9. Rxa2 Qxa2 10. Nf3 Qa5 11. O-O Qxc7 12. d4 d6 13. Qd3 Bd7 14. dxe5
Nxe5 15. Nxe5 dxe5 16. Bg5 f6 17. Rc1 Bc6 18. Bd2 Qd7 19. Qxd7+ Kxd7 20. Bh3+
Kd6 21. Bb4+ Kd5 22. Bf8 h6 23. Rd1+ Ke4 24. f3+ Ke3 25. Rd3+ Kxe2 26. Bf1+ Ke1
27. Bb4# {JSBach checkmated} 1-0

[Event "ICS rated blitz match"]
[Site "204.178.125.65"]
[Date "2000.12.04"]
[Round "?"]
[White "kaisser"]
[Black "Hossa"]
[Result "0-1"]
[WhiteElo "1931"]
[BlackElo "2504"]
[PlyCount "94"]
[EventDate "2000.??.??"]

1. d4 d5 2. e3 Nf6 3. Bd3 c5 4. c3 Bg4 5. f3 Bh5 6. Ne2 e6 7. O-O c4 8. Bc2 Bg6
9. Bxg6 hxg6 10. Qc2 Bd6 11. g3 g5 12. e4 dxe4 13. fxe4 Ng4 14. e5 Nxh2 15. Rf2
Ng4 16. Rg2 Be7 17. Qe4 f5 18. exf6 Nxf6 19. Qxb7 Qd5 20. Qxd5 Nxd5 21. Na3
Bxa3 22. bxa3 Nf6 23. Bxg5 Ne4 24. Bf4 Nc6 25. Rb1 g5 26. Be5 O-O 27. Rb7 Nxe5
28. dxe5 Rf7 29. Rxf7 Kxf7 30. Nd4 Rd8 31. Rc2 Rd5 32. Nf3 Rd3 33. Kg2 g4 34.
Nd4 Rxg3+ 35. Kh2 Rh3+ 36. Kg2 Kg6 37. Nxe6 Kf5 38. Nd4+ Kxe5 39. Nc6+ Kf4 40.
Nxa7 Ng5 41. Nb5 Nf3 42. Nd4 Rh2+ 43. Kf1 Rh1+ 44. Ke2 Re1+ 45. Kf2 g3+ 46. Kg2
Nh4+ 47. Kh3 Rh1+ {kaisser resigns} 0-1

[Event "ICS rated blitz match"]
[Site "204.178.125.65"]
[Date "2000.12.04"]
[Round "?"]
[White "Hossa"]
[Black "kaisser"]
[Result "1-0"]
[WhiteElo "2505"]
[BlackElo "1930"]
[PlyCount "39"]
[EventDate "2000.??.??"]

1. c4 Nf6 2. Nc3 e6 3. e4 c5 4. e5 Ng8 5. Nf3 Nc6 6. d4 cxd4 7. Nxd4 d6 8. Nxc6
bxc6 9. Bf4 d5 10. cxd5 exd5 11. Bd3 Be6 12. O-O Ne7 13. Qa4 Qc7 14. Rac1 Ng6
15. Nb5 Qb6 16. Rxc6 Qxc6 17. Nd6+ Kd7 18. Bb5 Nxf4 19. Bxc6+ Kc7 20. Qa5+ {
kaisser resigns} 1-0

[Event "ICS rated blitz match"]
[Site "204.178.125.65"]
[Date "2000.12.04"]
[Round "?"]
[White "kaisser"]
[Black "Hossa"]
[Result "0-1"]
[WhiteElo "1929"]
[BlackElo "2506"]
[PlyCount "55"]
[EventDate "2000.??.??"]

1. e4 Nf6 2. e5 Nd5 3. d4 d6 4. c4 Nb6 5. f4 g6 6. Nf3 Bg7 7. Bd3 Nc6 8. O-O
Bg4 9. Be3 dxe5 10. dxe5 Bxf3 11. Rxf3 Nxc4 12. Qb3 Nxe3 13. Rxe3 Qd4 14. Bb5
Qxf4 15. Nd2 Bxe5 16. g3 Qd4 17. Nf3 Qxb2 18. Rae1 Qxb3 19. axb3 Bf6 20. g4 h6
21. h4 e6 22. g5 hxg5 23. hxg5 Be7 24. Rc3 Bb4 25. Rxc6 bxc6 26. Bxc6+ Ke7 27.
Bxa8 Bxe1 28. Bc6 {kaisser resigns} 0-1